| 000 | 00406nam a22001457a 4500 | ||
|---|---|---|---|
| 999 |
_c522865 _d522865 |
||
| 005 | 20190226065243.0 | ||
| 008 | 190125b ||||| |||| 00| 0 eng d | ||
| 040 | _cDLC | ||
| 082 |
_a297 _bRUM |
||
| 100 |
_aRumi, Molana Jalal ud Din _913180 |
||
| 245 |
_aHikayaat -e- Rumi / _cMolana Jalal ud Din Rumi |
||
| 260 |
_aJehlum : _bBook Corner Showroom, _c2009. |
||
| 300 |
_a320p. : _c25 cm. |
||
| 942 |
_2ddc _cBK |
||